000 02028nam0a2200349 i 4500
001 RU\NLR\BIBL_A\010654314
005 20260407071733.0
010 _a9785905042164
_9100
021 _aRU
_b2015-75707
_94567
035 _a(NLR Aleph) 010654314
090 _a10718988
_c10718988
100 _a20150128d2014 u y0rusy50 ca
101 0 _arus
102 _aRU
105 _aach a 001yb
200 1 _aПамяти Цилии Иосифовны Грин - историка, библиографа, книговеда (1921-2004)
_e[сборник]
_fРос. нац. б-ка
_g[сост.: Г. А. Мамонтова и др.
_gпод общ. ред. д.ист.н. А. Н. Цамутали]
210 _aСанкт-Петербург
_cСеверная Звезда
_d2014
215 _a103 с., [4] л. ил., портр.
_cфакс.
_d21
320 _aУказ. имен, встречающихся в ст. и воспоминаниях: с. 96-100
600 1 _aГрин
_bЦ. И.
_f1921 - 2004
_gЦилия Иосифовна
_jСборники
_92191769
_3RU\NLR\AUTH\661317492
601 0 2 _aРоссийская национальная библиотека
_bИнформационно-библиографический отдел
_cСанкт-Петербург, город
_jСборники
_xИстория
_92296593
_3RU\NLR\AUTH\661375166
686 1 _aЧ753(2)7-8Грин.я43
686 1 _aЧ734(2)711.12г.я43
702 1 _4570
_8rus
_7ca
_aГрин
_bЦ. И.
_f1921-2004
_gЦилия Иосифовна
_3RU\NLR\AUTH\775842
_9115801
702 1 _aМамонтова
_bГ. А.
_4220
702 1 _4340
_8rus
_7ca
_aЦамутали
_bА. Н.
_f1931 -
_gАлексей Николаевич
_3RU\NLR\AUTH\7715123
_9124783
712 0 2 _4570
_aРоссийская национальная библиотека
_cСанкт-Петербург
_3RU\NLR\AUTH\88593
_9272031
942 _cBOOK
980 _aNBR